LDR 00719naa#a2200193#i#450# 001 EN\\bibl\121735 005 20260501183024.5 011 ## _a1998-8990 100 ## _a20260423b2026####ek#y0engy0150####ca 102 ## _aRU 200 1# _aFEATURES OF THE DESIGN AND OPERATION OF PUMPING UNITS OF FIRE TRUCKS IN MODERN CONDITIONS _eJournal article 210 1# _aSaint-Petersburg _cSaint-Petersburg University of State Fire Service of Emercom of Russia _d2026 215 ## _a15 с. 608 ## _aJournal article _2local 675 ## _aПожарные насосы. Пожарные автомобили. 614.846 _z 700 #1 _aPresnov _gAleksey I. 700 #1 _aMarchenko _gMikhail A. 700 #1 _aKrutolapov _gAlexander S. 856 4# _ajournals.igps.ru _u